000 nam a22 7a 4500
999 _c331661
_d331661
003 ASAB
005 20171012133746.0
008 171012b xxu||||| |||| 00| 0 eng d
020 _a978-0-470-55174-5
040 _cASAB
082 _a576.5
100 _aTara Rodden Robinson
_95405
245 _aGenetics for dummies
_cby T.R. Robinson
250 _a2nd Edition.
260 _aNew Jersey.
_bJohn Wiley & Sons.
_cc2010.
300 _a366 P.
630 _aGenetics.
_95400
942 _2ddc
_cBK